000 00781nam a2200229 u 4500
005 20231116063533.0
008 170519s2015 mx r 000 0 spa d
020 _a9786072806047
035 _aUPN01000217971
049 _aCG
050 4 _aQH107
_bB5.6
245 0 0 _aBiodiversidad de Barra de Potosí, Guerrero, México :
_bhacia una interacción entre conservación y turismo /
_cAlejandro Meléndez Herrera ... [et al.].
260 _aMéxico :
_bUAM, Unidad Xoochimilco,
_c2015.
300 _a155 p. :
_bil. col., tablas, gráfs.
440 0 _aAcadémicos ;
_v123
650 4 _aBIODIVERSIDAD -
_zMEXICO
_922935
650 2 _aEcosistemas
_914634
650 4 _aECOTURISMO
_917175
700 1 _aMeléndez Herrada, Alejandro,
_ecoaut.
905 _aLibro
999 _c190071
_d190071